Informe resumido 1952 - 1956
Saved in:
| 企業作者: | |
|---|---|
| 格式: | 圖書 |
| 語言: | 西班牙语 |
| 出版: |
Ginebra
Comité Internacional de la Cruz Roja
1957
|
| 主題: | |
| 標簽: |
添加標簽
沒有標簽, 成為第一個標記此記錄!
|
MARC
| LEADER | 00000nam a2200000 a 4500 | ||
|---|---|---|---|
| 001 | UCT9545 | ||
| 003 | CL-VaPUC | ||
| 005 | 20231117122543.0 | ||
| 008 | 970404e19570000sz 1 spa d | ||
| 082 | 0 | 4 | |a 341.6 |b COM |2 21 |
| 110 | 2 | |a Comité Internacional de la Cruz Roja |e author |9 618306 | |
| 245 | 1 | 0 | |a Informe resumido 1952 - 1956 |
| 260 | |a Ginebra |b Comité Internacional de la Cruz Roja |c 1957 | ||
| 300 | |a 25 p | ||
| 583 | |a last modification |c 20161003 07:26:17 |k Rodrigo Vera | ||
| 650 | 0 | 0 | |a Derecho internacional |9 255637 |
| 650 | 0 | 7 | |a CRUZ ROJA |2 CL-VaPUC |9 618307 |
| 650 | 0 | 0 | |a Informes |9 334810 |
| 942 | |c BK | ||
| 945 | |a lriquelm |d 19970404 00:00:00 | ||
| 546 | |a En Español | ||
| 518 | |p Conferencia Internacional de la Cruz Roja, XIX, La Nueva Delhi, 1957 | ||
| 999 | |c 382887 |d 382885 | ||
| 952 | |0 0 |1 0 |2 ddc |4 0 |6 341_600000000000000_COM_1957 |7 0 |8 A |9 504823 |a BIBDER |b BIBDER |d 2020-01-23 |i 1825097 |o 341.6 COM 1957 |p 1825097 |r 2023-01-25 |w 2020-01-23 |y MX |k DER | ||